| 000 | 00685nam a22002297a 4500 | ||
|---|---|---|---|
| 999 |
_c2449 _d2449 |
||
| 005 | 20230602085413.0 | ||
| 008 | 230602b ||||| |||| 00| 0 eng d | ||
| 020 | _a9780007811281 | ||
| 040 | _cKH8 | ||
| 082 | _aFIC LEW | ||
| 100 |
_aLewis, C. S. (Clive Staples), _d1898-1963 _eAuthor |
||
| 245 |
_aThe last battle / _cC. S. Lewis |
||
| 260 |
_a London, _bHarperCollins Children's Books, _c2010 |
||
| 300 |
_a 191 str. _b: ilustr. ; _c18 cm. |
||
| 440 | _a The chronicles of Narnia | ||
| 521 | _aFiction | ||
| 650 | _aJuvenile works | ||
| 650 | _aNarnia (Imaginary place) | ||
| 650 |
_aFantasy fiction _vEnglish |
||
| 700 |
_aPauline Baynes _eIllustrator |
||
| 942 |
_2ddc _cFIC |
||